|
|
|
|
| LEADER |
00000nam a2200000 a 4500 |
| 001 |
vtls001424097 |
| 003 |
SK-MaSNL |
| 005 |
20260301072413.0 |
| 008 |
240226s2001 xo gg r y slo |
| 015 |
|
|
|a SNBA2002/03-00977
|
| 020 |
|
|
|a 8070906081
|
| 035 |
|
|
|a SNK000378977
|
| 035 |
|
|
|a urn:nbn:sk:snk-amknn9
|
| 035 |
|
|
|a urn:nbn:sk:snk-am003e2u
|
| 035 |
|
|
|a 0198FD76-8116-42D2-B7BD-55274A1EF9FA
|
| 040 |
|
|
|a SNK
|b slo
|c SNK
|e AACR2
|
| 041 |
0 |
|
|a slo
|
| 044 |
|
|
|a xo
|c SK
|
| 080 |
|
|
|a 398.8(437.618)
|2 1981
|
| 245 |
0 |
0 |
|a Zverboval sa Janík
|b Čajkov - Tekovské ľudové piesne
|c [zostavovateľ zbierky: Marian Járek, zberateľ: Jana Tencerová]
|
| 260 |
|
|
|a Nitra
|b Matica slovenská
|c 2001
|
| 300 |
|
|
|a 117 s.
|b noty
|c 21 cm
|
| 500 |
|
|
|a Údaj o zost. prevzatý z tiráže
|
| 500 |
|
|
|a Vyd. Obecný úrad v Čajkove
|
| 504 |
|
|
|a Abec. zoz.
|
| 650 |
0 |
7 |
|a piesne ľudové
|z Čajkov (Slovensko)
|2 SNK
|9 391797
|
| 655 |
|
7 |
|a príručky
|2 SNK
|9 74364
|
| 700 |
1 |
|
|a Járek, Marián,
|d 1946-
|4 com
|9 155603
|
| 700 |
1 |
|
|a Tencerová, Jana
|4 com
|9 47339
|
| 710 |
0 |
|
|a Čajkov (Slovensko).
|b Obecný úrad
|4 vyd
|9 87563
|
| 919 |
|
|
|a 80-7090-608-1
|
| 958 |
|
|
|a TL
|
| 999 |
|
|
|c 640921
|d 642851
|
| 952 |
|
|
|t P60, <03>, [BOOK], {603}
|a SNK
|b SNK
|y PREZ
|7 0
|p 17A0322300
|o snkSC 106574
|i snkKSP 12918/2001
|0 0
|1 0
|4 0
|d 2001-11-16
|f 1
|l 0
|r 2025-09-26 00:00:00
|w 2026-02-23
|
| 952 |
|
|
|t P60, <06>, [BOOK], {606}
|a SNK
|b SNK
|y PREZ
|7 0
|p 17A0322301
|o snkSC 106574 D1
|i snkKSP 12919/2001
|0 0
|1 0
|4 0
|d 2001-11-16
|l 0
|r 2005-01-02 00:00:00
|w 2026-02-23
|